000
00188nam a22000977a 4500
999
_c
67119
_d
67116
082
_a
KRA
100
_a
Kraus,J.D
245
_a
Antennas For All Applications
300
_a
962p
942
_c
BK